000
00335nam a2200145Ia 4500
008
221007s9999 xx 000 0 und d
041
_a
eng
082
_b
KAP
100
_a
Kapoor N (2K51022)
_9
101961
245
_a
Brand Building
260
_c
2007
_b
Pune University
_a
Pune
300
_a
76p
520
_a
Dhotre M
906
_b
General
999
_c
69116
_d
69116